Electrical Engineering (Record no. 1499)

MARC details
000 -LEADER
fixed length control field 00383nam a2200145Ia 4500
008 - FIXED-LENGTH DATA ELEMENTS--GENERAL INFORMATION
fixed length control field 230312s9999||||xx |||||||||||||| ||und||
082 ## - DEWEY DECIMAL CLASSIFICATION NUMBER
Classification number 621.3
Item number MAN-E
100 ## - MAIN ENTRY--PERSONAL NAME
Personal name Manglik,Rajeev
245 #0 - TITLE STATEMENT
Title Electrical Engineering
260 ## - PUBLICATION, DISTRIBUTION, ETC.
Name of publisher, distributor, etc. S.K.Kataria & Sons
Place of publication, distribution, etc. India
Date of publication, distribution, etc. 2003
300 ## - PHYSICAL DESCRIPTION
Extent 264
546 ## - LANGUAGE NOTE
Language note Eng.
650 ## - SUBJECT ADDED ENTRY--TOPICAL TERM
Topical term or geographic name entry element Engineering
Form subdivision Measuring instruments,Three Phase Supply
942 ## - ADDED ENTRY ELEMENTS (KOHA)
Koha item type BOOK
Holdings
Withdrawn status Lost status Source of classification or shelving scheme Damaged status Not for loan Home library Current library Date acquired Total Checkouts Full call number Barcode Date last seen Price effective from Koha item type
    Dewey Decimal Classification     Superior Information Resource Center (SIRC) Superior University- Main Campus Superior Information Resource Center (SIRC) Superior University- Main Campus 03/13/2023   621.3 MAN-E 1509 03/13/2023 03/13/2023 BOOK

Powered by Koha